000
00212nam a22000977a 4500
999
_c
16271
_d
16271
003
OSt
008
200629b ||||| |||| 00| 0 eng d
100
_a
Humayun Kabir
_9
4661
245
_a
India's Heritage
942
_c
BK